Catálogo

El futuro diferente / (Registro nro. 40137)

Detalles MARC
000 -LEADER
fixed length control field 01109cam a2200349 i 4500
001 - CONTROL NUMBER
control field 40137
003 - CONTROL NUMBER IDENTIFIER
control field Mx-PuUPA
005 - DATE AND TIME OF LATEST TRANSACTION
control field 20251002085024.0
008 - FIXED-LENGTH DATA ELEMENTS--GENERAL INFORMATION
fixed length control field 140415s1989 mx gr 000 0 spa d
020 ## - INTERNATIONAL STANDARD BOOK NUMBER
International Standard Book Number 9684198167
040 ## - CATALOGING SOURCE
Transcribing agency Mx-PuUPA
Original cataloging agency Mx-PuUPA
Language of cataloging spa
Modifying agency Mx-PuUPA
Description conventions rda
041 0# - LANGUAGE CODE
Language code of text/sound track or separate title spa
043 ## - GEOGRAPHIC AREA CODE
Geographic area code s-pe---
100 1# - MAIN ENTRY--PERSONAL NAME
Personal name García, Alan,
Dates associated with a name 1949-2019
9 (RLIN) 17522
Relator term autor
245 13 - TITLE STATEMENT
Title El futuro diferente /
Statement of responsibility, etc. Alan García
250 ## - EDITION STATEMENT
Edition statement Primera edición
264 #1 - PRODUCTION, PUBLICATION, DISTRIBUTION, MANUFACTURE, AND COPYRIGHT NOTICE
Place of production, publication, distribution, manufacture México, D.F. :
Name of producer, publisher, distributor, manufacturer Editorial Grijalbo,
Date of production, publication, distribution, manufacture, or copyright notice 1989
300 ## - PHYSICAL DESCRIPTION
Extent 268 páginas ;
Other physical details 19 cm
336 ## - CONTENT TYPE
Fuente rdacontent
Content type term texto
Content type code txt
337 ## - MEDIA TYPE
Source rdamedia
Media type term sin medio
Media type code n
338 ## - CARRIER TYPE
Source rdacarrier
Carrier type term volumen
Carrier type code nc
490 0# - SERIES STATEMENT
Series statement Política y economía
490 0# - SERIES STATEMENT
Series statement Colección Enlace
651 #4 - SUBJECT ADDED ENTRY--GEOGRAPHIC NAME
Geographic name Perú
General subdivision Condiciones económicas
651 #4 - SUBJECT ADDED ENTRY--GEOGRAPHIC NAME
Geographic name Perú
General subdivision Política y gobierno
Chronological subdivision 1980
651 #4 - SUBJECT ADDED ENTRY--GEOGRAPHIC NAME
Geographic name Perú
General subdivision Historia económica
651 #4 - SUBJECT ADDED ENTRY--GEOGRAPHIC NAME
Geographic name Perú
General subdivision Condiciones Políticas
942 ## - ADDED ENTRY ELEMENTS (KOHA)
Source of classification or shelving scheme Dewey Decimal Classification
Koha item type Libro
Classification part 324.28507
Item part G22
Existencias
Withdrawn status Lost status Source of classification or shelving scheme Damaged status Not for loan Collection code Home library Current library Shelving location Date acquired Source of acquisition Total Checkouts Full call number Barcode Date last seen Price effective from Koha item type
    Dewey Decimal Classification     General Biblioteca Karol Wojtyla Biblioteca Karol Wojtyla Sala general 03/12/2013 Donación   324.28507 G22 1989 60245 05/01/2026 03/12/2013 Libro